Textbook on Spherical Astronomy /
Contenido: Trigonometría esférica; La esfera celestial; Refracción; El circulo meridiano; Movimientos planetarios; Tiempo; Fenómenos planetarios y las coordenadas heliográficas; Aberración; Paralaje; Procesión y nutación; El movimiento propio de las estrellas; Fotografía astronómica; Determinación d...
Gardado en:
| Autor Principal: | |
|---|---|
| Outros autores: | |
| Formato: | Libro |
| Idioma: | inglés |
| Publicado: |
Cambridge, Inglaterra :
Cambridge University,
1977, c1977
|
| Edición: | 6a edición |
| Temas: | |
| Etiquetas: |
Sen Etiquetas, Sexa o primeiro en etiquetar este rexistro!
|
MARC
| LEADER | 00000nam^a2200000^a^4500 | ||
|---|---|---|---|
| 001 | 000156678 | ||
| 005 | 20250521000000.0 | ||
| 009 | 20260310100511.621 | ||
| 020 | |a 0-521-29180-1 | ||
| 037 | |a Acervo ITESO - Biblioteca | ||
| 041 | |a ING | ||
| 082 | |a 522. 7 |b SMA | ||
| 100 | |a Smart, William Marshall |e (autor) | ||
| 245 | 1 | 0 | |a Textbook on Spherical Astronomy / |c W.M. Smart ; rev. de R.M. Green. |
| 250 | |a 6a edición |b revisada | ||
| 264 | 4 | |a Cambridge, Inglaterra : |b Cambridge University, |c 1977, c1977 | |
| 300 | |a XIII, 431 p. | ||
| 336 | |a texto |b txt |2 rdacontenido | ||
| 337 | |a sin mediación |b n |2 rdamedio | ||
| 338 | |a volumen |b nc |2 rdasoporte | ||
| 520 | |a Contenido: Trigonometría esférica; La esfera celestial; Refracción; El circulo meridiano; Movimientos planetarios; Tiempo; Fenómenos planetarios y las coordenadas heliográficas; Aberración; Paralaje; Procesión y nutación; El movimiento propio de las estrellas; Fotografía astronómica; Determinación de la posición en el océano; Orbitas de estrellas binarias; Ocultaciones y eclipses; Apéndices. | ||
| 649 | |a XX | ||
| 650 | |a Fotografía Astronómica | ||
| 650 | |a Esfera Celeste | ||
| 650 | |a Geodesia | ||
| 650 | |a Trigonometría Esférica | ||
| 650 | |a Astrometría | ||
| 650 | |a Astronomía Náutica | ||
| 650 | |a Astronomía Esférica y Práctica | ||
| 700 | |a Green, Robin Michael |e (revisión) | ||
| 910 | |a Fondo General | ||
| 920 | |a Impresos - Libros | ||
| 930 | |a Colección General | ||
| 905 | |a 101 | ||
| 901 | |a 0500085199 |b IT1 |c ACC |u 20250521 | ||
| 902 | |a https://opac.biblio.iteso.mx/vufind/Record/000156678 | ||